000
00247nam a2200097Ia 4500
001
1189946
005
20250827021608.0
008
250824s9999 xx 000 0 und d
245
0
_a
SIRA DIŞI MESLEKLER
_c
ASENA MERİÇ
260
_b
YEDİVEREN ÇOCUK
999
_c
1189946
_d
1189946